000 00290nam a22001337a 4500
008 171025b xxu||||| |||| 00| 0 eng d
020 _ax000p43gux
041 _aeng
080 _a311
100 _a55
101 _aSTA
245 _aUNDERSTANDABLE STATISTICS
_cLINSA,M
942 _2udc
_cBK
999 _c35896
_d35896